| 000 | 00568cab a2200229 4500 | ||
|---|---|---|---|
| 001 | ABS60339 | ||
| 008 | 090401t1999 xxu||||| |||| 00| 0 eng d | ||
| 035 | _a(Sirsi) u92478 | ||
| 041 | _aeng | ||
| 100 | _aRose, A. | ||
| 245 | _aClose encounters of the wrong kind | ||
| 260 | _c1999 | ||
| 350 | _a0 | ||
| 490 |
_aEstates Gazette _v(9912) 27 March 1999, 58-60(3) |
||
| 650 | _aCINEMA ATTENDANCE | ||
| 650 | _aCINEMA OPERATORS | ||
| 650 | _aCINEMAS | ||
| 650 | _aMULTIPLEX CINEMAS | ||
| 690 | _aLEISURE AND RECREATION | ||
| 942 | _n0 | ||
| 948 | _c31/03/1999 | ||
| 999 |
_c58628 _d58628 |
||